All Deadliest Catch Boat Names - Statistics

General Stats
  • This quiz has been taken 75 times
  • The average score is 11 of 28
Answer Stats
Series Captains Boat % Correct
1-16 Sig Hansen, Edgar Hansen, Mandy Hansen Northwestern
98%
2-13 Johnathan Hillstrand, Andy Hillstrand Time Bandit
93%
3-16 Keith Colburn, Monte Colburn Wizard
90%
1, 9-16 Roger Strong, Elliott Neese, Jake Anderson, Johnathan Hillstrand Saga
88%
2-7, 10-16 Phil Harris, Murray Gamrath, Derrick Ray, Tony Lara, Josh Harris & Casey McManus Cornelia Marie
83%
13-16 "Wild" Bill Wichrowski Summer Bay
78%
12-15 Sean Dwyer Brenna A
55%
9-12 "Wild" Bill Wichrowski Cape Caution
48%
1, 16 Peter Liske, Scott Campbell Jr. Lady Alaska
48%
7-10,16 Scott Campbell Jr., Brad Petefish Seabrooke
45%
6-8 "Wild" Bill Wichrowski Kodiak
43%
1-3 Rick Quashnick, Blake Painter Maverick
40%
15-16 Steve "Harley" Davidson Southern Wind
38%
1 Larry Hendricks Sea Star
28%
1 Vince Shavender Lucky Lady
25%
2 Eric Nyhammer Rollo
25%
9 Mike Wilson Kiska Sea
23%
1 Jim Stone Retriever
23%
1 Coleman Anderson Western Viking
20%
1 Jeff Weeks Billikin
15%
3-4 Allen Oakley, Rick Fehst Early Dawn
15%
1 Tony LaRussa Fierce Allegiance
15%
7-8 Elliott Neese Rambin' Rose
15%
5 Wade Henley Lisa Marie
13%
4 Sten Skaar North American
13%
2-3 Jerry "Corky" Tilley Aleutian allad
10%
3 Greg Moncrief Farwest Leader
10%
5 Harry Lewis Incentive
10%
No matching quizzes found
Score Distribution
Percent of People with Each Score
Percentile by Number Answered
Your Score History
You have not taken this quiz